Simulačné modely správy portfólia diplomová práca

Salvato in:
Dettagli Bibliografici
Autore principale: Szalaiová, Rea
Ente Autore: Fakulta hospodárskej informatiky EU. Katedra operačného výskumu a ekonometrie
Altri autori: Reiff, Marian, 1978-
Natura: Libro
Lingua:slovacco
Pubblicazione: Bratislava 2025
Tags: Aggiungi Tag
Nessun Tag, puoi essere il primo ad aggiungerne!!

MARC

LEADER 00000nbm a2200000 4500
001 0310509
005 20251201130246.9
041 0 |a slo 
044 |a SK 
245 1 0 |a Simulačné modely správy portfólia  |b diplomová práca  |c Rea Szalaiová ; školiteľ: Marian Reiff 
264 1 |a Bratislava  |c 2025 
300 |a 62 s. 
100 1 |a Szalaiová, Rea 
700 1 |a Reiff, Marian, 1978- 
710 2 |a Fakulta hospodárskej informatiky EU. Katedra operačného výskumu a ekonometrie